| 000 | 00516nam a22001697a 4500 | ||
|---|---|---|---|
| 003 | SISC | ||
| 005 | 20170523163015.0 | ||
| 008 | 170523b xxu||||| |||| 00| 0 eng d | ||
| 020 | _a9789719802624 | ||
| 050 |
_aQA 531 _b.D671 2015 |
||
| 100 | _aDomingo, Alleli C. | ||
| 245 |
_aWorktext in college trigonometry / _cAlleli C. Domingo (and 4 others). |
||
| 260 |
_aQuezon City : _bC & E Pub, Inc., _c2015. |
||
| 300 |
_a187 pages : _billustrations ; _c26 cm. |
||
| 650 | _aTrigonometry - Textbooks. | ||
| 942 |
_2lcc _cBK |
||
| 999 |
_c335175 _d335175 |
||